Statistiche per Valute europee pre-euro

Clicka qui per fare il quiz!

Statistiche generali

  • Questo quiz è stato fatto 122 volte
  • Il punteggio medio è 11 su 19

Statistiche sulle risposte

paesecurrency% Corretto
Ciprolira
100%
Maltasterlina
100%
Italialira
99%
Lussemburgofranco
91%
Franciafranco
91%
Germaniamarco
77%
Finlandiamarco
75%
Irlandasterlina
68%
Slovacchiacorona
61%
Estoniakroon
61%
Spagnapeseta
61%
Paesi Bassifiorino
41%
Greciadracma
39%
Austriascellino
25%
Belgiofranco
23%
Portogalloescudo
21%
Sloveniatallero
15%
Lettonialats
6%
Lituanialitas
5%

Distribuzione punteggi

Percentile per numero di risposta

Percentuale di utenti per punteggio

I tuoi punteggi nel tempo

Non hai fatto questo quiz